Statistics for Leaders of the Opposition in the Northern Territory

Click here to take the quiz!

General Stats

  • This quiz has been taken 4 times
  • The average score is 6 of 15

Answer Stats

TenurePartyAnswer% Correct
2015-2016LaborMichael Gunner
100%
1981-1986LaborBob Collins
50%
1999-2001LaborClare Martin
50%
2012-2015LaborDelia Lawrie
50%
2001-2003Country LiberalDenis Burke
50%
2005Country LiberalDenis Burke
50%
2016-2020Country LiberalGary Higgins
50%
2020-IncumbentCountry LiberalLia Finocchiaro
50%
2003-2005Country LiberalTerry Mills
50%
2008-2012Country LiberalTerry Mills
50%
1990-1996LaborBrian Ede
0%
2005-2008Country LiberalJodeen Carney
0%
1977-1981LaborJon Isaacs
0%
1996-1999LaborMaggie Hickey
0%
1986-1990LaborTerry Smith
0%

Score Distribution

Percentile by Number Answered

Percent of People with Each Score

Your Score History

You have not taken this quiz